Morphology and universals in syntactic change : evidence from medieval and modern Greek
Saved in:
| Main Author: | |
|---|---|
| Format: | Book |
| Language: | English |
| Published: |
New York : London :
Garland Publishing, inc.,
1990
|
| Series: | Outstanding dissertations in linguistics
|
| Subjects: | |
| Tags: |
Add Tag
No Tags, Be the first to tag this record!
|
MARC
| LEADER | 00000nam a2200000 i 4500 | ||
|---|---|---|---|
| 001 | 1/5813 | ||
| 008 | 960614s1990 eng d | ||
| 020 | |a 0-8153-0161-8 | ||
| 035 | |l 10016138 | ||
| 040 | |a GR-MY-UA |b gre |e aacr | ||
| 041 | 0 | |a eng | |
| 082 | 0 | |a 487.3 | |
| 100 | 1 | |a Joseph, Brian D. | |
| 245 | 1 | 0 | |a Morphology and universals in syntactic change : |b evidence from medieval and modern Greek / |c Brian D. Joseph |
| 260 | |a New York : |a London : |b Garland Publishing, inc., |c 1990 | ||
| 300 | |a 314 p. | ||
| 490 | 1 | |a Outstanding dissertations in linguistics | |
| 504 | |a Includes bibliographical references and index. | ||
| 650 | 0 | 0 | |a Greek language, Medieval and late |x Syntax. |
| 650 | 0 | 0 | |a Greek language, Modern |x Syntax. |
| 830 | 0 | |a Outstanding dissertations in linguistics | |
| 852 | |a INST |b LESVOS |e 19960614 |h 487.3 JOS |p 005100005016 |q 005100005016 |t BK |y 0 | ||
| 909 | |a Λ |b 023400 | ||